000 00794cam a2200253 a 4500
001 35805
003 BD-RjUL
005 20211209052401.0
008 140609s19651959enk 001 0 eng d
035 _aoxf98320538
_a(BD-RjUL) 35900
040 _aTJC
_cTJC
_beng
_dBD-RjUL
041 _aeng
082 _a320
_bSTM 1965
100 1 _aStewart, Michael
_d1906-1990
_9109057
245 1 0 _aModern forms of government :
_ba comparative study /
_cMichael Stewart.
250 _a3rd. ed.
260 _aLondon :
_bAllen & Unwin,
_c1959 [Impression 1965].
300 _a284 p. ;
_c23 cm.
490 1 _aMinerva series of students' handbooks ;
_vno.4
650 0 _aPolitical science.
_9109058
830 0 _vno.4
_9109062
830 0 _aMinerva series of students' handbooks ;
_9109063
942 _2ddc
_cBK
999 _c35805
_d35805